MDQL
is popping MORE tags! Check the
thread
!
Quizzes
Events
Quiz Creation
Community
Videos
Private Events
Remove Ads
Sign In
Join for FREE
Feedback
Dark Mode
Quiz Categories
Sports
Geography
Music
Movies
Television
Just For Fun
Miscellaneous
History
Literature
Language
Science
Gaming
Entertainment
Religion
Holiday
For Kids
Quiz Lab
Recent
Popular Today
Quiz Kudos Today
Editor Picks
Curator Picks
Quizzes by...
Day
Popularity
Type
Ratings
Length
Year
Community
Subscriptions
Recent Discussions
Orange Saloon
Badges
Playlists
Quests
Create
Leaderboards
Showdown
Live 5
Trivia Bingo
Activity
Puzzle Library
Sporcle Events
Private Events
Virtual Trivia
Globe League
Become a Host
Pub Owners
SporcleCon
Opinionation
Our Games
Videos
Blog
Mobile Apps
Partnerships
Remove Ads and Go Orange
Feedback
Music
Pop Music
The Beatles
Song
Album
Lyrics
Bands
Singers
Artist
Clip
Rock
Rap
Classical
Billboard
Country Music
Kpop
Taylor Swift
Music
Pop Music
The Beatles
Song
Album
Lyrics
Bands
Singers
Artist
Clip
Rock
Rap
Classical
Billboard
Country Music
Kpop
Taylor Swift
Random Quiz
Search Sporcle
×
Quiz Lab
Quiz Lab
Music
Album
Type in answers that appear in a list
Type in answers that appear in a list
Classic
Best Score? Go Orange.
Black Key's Songs Stats
Can you name the songs by The Black Keys?
By
walyons89
10m
69 Questions
269 Plays
269 Plays
269 Plays
Comments
Comments
Give Quiz Kudos
Give Quiz Kudos
-
- Ratings
hide this ad
Replay
Link that replays current quiz
Next Quiz
Link to next quiz in quiz playlist
You Got
0%
They Got
Avg Score
47%
Avg Friend Score
Upgrade to see
Score Distribution
Jump to the score distribution portion of the page
Score
0/69
Timer
10:00
0
Plays Today
Album
% Correct
thickfreakness (2003)
thickfreakness
85.9%
Rubber Factory (2004)
10 a.m. Automatic
72.9%
Attack & Release (2008)
I Got Mine
71.7%
Attack & Release (2008)
Strange Times
69.5%
Magic Potion (2006)
Your Touch
69.1%
Attack & Release (2008)
Psychotic Girl
63.9%
The Moan (2004)
The Moan
62.1%
Attack & Release (2008)
Oceans & Streams
61%
Attack & Release (2008)
Remember When (Side A)
60.2%
Attack & Release (2008)
Remember When (Side B)
60.2%
Rubber Factory (2004)
When the Lights Go Out
58%
The Big Come Up (2002)
The Breaks
57.6%
The Big Come Up (2002)
She Said, She Said
57.6%
Magic Potion (2006)
Elevator
57.2%
thickfreakness (2003)
Have Love Will Travel
56.5%
The Moan (2004)
Have Love Will Travel
56.5%
Rubber Factory (2004)
The Lengths
56.5%
The Big Come Up (2002)
Heavy Soul
55.8%
The Moan (2004)
Heavy Soul
55.8%
The Big Come Up (2002)
Do the Rump
55%
The Big Come Up (2002)
I'll Be Your Man
55%
Rubber Factory (2004)
Stack Shot Billy
55%
The Big Come Up (2002)
Busted
53.9%
thickfreakness (2003)
Hard Row
53.2%
thickfreakness (2003)
Set You Free
53.2%
Chulahoma (2006)
Meet Me In the City
53.2%
Rubber Factory (2004)
Girl Is On My Mind
51.7%
Magic Potion (2006)
Just Got to Be
51.7%
Magic Potion (2006)
Goodbye Babylon
51.7%
Attack & Release (2008)
Lies
49.8%
Magic Potion (2006)
The Flame
49.1%
Rubber Factory (2004)
Grown So Ugly
48.3%
Rubber Factory (2004)
Aeroplane Blues
48%
The Big Come Up (2002)
Countdown
47.2%
Attack & Release (2008)
All You Ever Wanted
47.2%
Album
% Correct
The Big Come Up (2002)
Brooklyn Bound
46.8%
Magic Potion (2006)
Black Door
45.7%
Magic Potion (2006)
You're the One
45.4%
The Big Come Up (2002)
Yearnin
45%
thickfreakness (2003)
Midnight in Her Eyes
43.5%
Rubber Factory (2004)
Act Nice and Gentle
43.5%
Attack & Release (2008)
Things Ain't Like They Used to Be
43.5%
thickfreakness (2003)
I Cry Alone
42.8%
Rubber Factory (2004)
All Hands Against His Own
42.8%
Rubber Factory (2004)
Keep Me
42.8%
Magic Potion (2006)
Strange Desire
42.8%
Rubber Factory (2004)
Till I Get My Way
42.4%
Magic Potion (2006)
Modern Times
42.4%
thickfreakness (2003)
Everywhere I Go
40.9%
Chulahoma (2006)
Keep Your Hands Off Her
40.1%
The Moan (2004)
No Fun
39%
The Big Come Up (2002)
240 Years Before Your Time
38.7%
Rubber Factory (2004)
Just Couldn't Tie Me Down
38.7%
The Big Come Up (2002)
Leavin' Trunk
38.3%
The Big Come Up (2002)
Them Eyes
37.5%
Rubber Factory (2004)
The Desperate Man
37.5%
Magic Potion (2006)
Just a Little Heat
36.8%
Attack & Release (2008)
So He Won't Break
36.4%
thickfreakness (2003)
No Trust
36.1%
Attack & Release (2008)
Same Old Thing
36.1%
Chulahoma (2006)
Work Me
34.9%
Chulahoma (2006)
My Mind Is Ramblin
34.2%
Chulahoma (2006)
Have Mercy On Me
33.5%
The Big Come Up (2002)
Run Me Down
32.7%
Magic Potion (2006)
Give Your Heart Away
29.4%
thickfreakness (2003)
Hold Me In Your Arms
28.6%
thickfreakness (2003)
Hurt Like Mine
28.3%
Chulahoma (2006)
Nobody But You
26.4%
thickfreakness (2003)
If You See Me
22.3%
Quiz Playlist
Details
Report
Send in Message
Add To Playlist
Classic:
Type in answers that appear in a list
Quiz Source
Last Updated: Feb 16, 2017
Quiz Scoreboard
CHALLENGE
Sign Up to Join the Scoreboard
Show All
Scores
Hide
Comments
May contain spoilers
Recently Published
Two Season TV Shows II
by 123Four
Television
10m
Image Sorting: Flags VI
by Barbecue
Geography
2m
Find the 'City' Movie
by crazypaving
Movies
60s
More to Explore
Quiz From the Vault
Featured Blog Post
14 Easter Pick-up Lines to Find Eggs With
hide this ad
You Might Also Like...
Tags
Album Quiz
Song Quiz
black
Key
Today's Top Quizzes in Music
Browse Music
hide this ad
Today's Top Quizzes in Album
Browse Album
Top Contributed Quizzes in Music
1
5X2 Blitz: Bands II
2
5X2 Blitz: The Beatles
3
Taylor Swift All Songs (2024)
4
5X2 Blitz: Billboard
5
5X2 Blitz: Billboard II
6
5X2 Blitz: Album
7
5X2 Blitz: Singers
8
5X2 Blitz: Rock
9
Music Artist by Three 2010s hits
10
5X2 Blitz: Lyrics
Explore More
Trending Topics
Anime
Marvel
Harry Potter
Crossword
Disney
NBA
Kpop
Song
The Office
Pokémon
Country
NFL
WWE
Soccer
Puzzle
hide this ad
More By:
walyons89
Quiz
Plays
Rating
Category
Featured
Created
Black Key's Songs
269
4.25
Music
Dec 7, 2009
2008 Phillies World Series Roster
154
5.00
Sports
Dec 10, 2009
Go to Creator's Profile
Score Distribution
Quiz Creator Spotlight
walyons89
Follow
Send a Message
Quizzes Created
-
Created Quiz Play Count
-
More By This Creator
Popular Quizzes Today
1
Find the US States - No Outlines Minefield
2
Colored Red Africa Blitz
3
Find the 'City' Movie
4
5x2 Blitz: Bands
5
The Countries of the World
6
Find the Countries of Europe - No Outlines Minefield
7
Find the US States
8
US States
More Music Quizzes
Click In The Blank (Songs)
Quiz Lab
Trending Quizzes
Colored Red Europe Blitz I
Colored Red Africa Blitz II
Colored Red Europe Blitz II
Colored Red Africa Blitz III
Colored Red Europe Blitz III
Recently Updated
How Do You Spell That?
pecheneg
Godzilla Movies
pecheneg
Grab Bag: 4-10 Letters
pecheneg
2024 March Madness Bracket
pecheneg
Famous TV Couples
Peacemaker
Champions League XIs: Real Madrid
pecheneg
Largest US Cities 1790-2010
pecheneg
Rides in Walt Disney World
pecheneg
Most Oscar Losses (Acting)
pecheneg
Beyoncé Albums
pecheneg
Trending Topics
Harry Potter
Crossword
Anime
Kpop
NBA
Marvel
Disney
Soccer
Pokémon
Song
NFL
Puzzle
The Office
WWE
Country
Your Account Isn't Verified!
In order to create a playlist on Sporcle, you need to verify the email address you used during registration. Go to your
Sporcle Settings
to finish the process.
Report this User
Report this user for behavior that violates our
Community Guidelines
.
Details:
Send Report
Go to the Sporcle.com Mobile Site →
Comments